| 000 | 00354nam a2200133Ia 4500 | ||
|---|---|---|---|
| 008 | 220204s9999 xx 000 0 und d | ||
| 082 |
_a334:63 _bABR |
||
| 100 | _aABRAHAMSEN, Martin A | ||
| 245 | 0 | _aAgricultural cooperation | |
| 260 |
_aAllahabad _bCentral Book _c1969 |
||
| 650 | _aAgricultural cooperation | ||
| 700 | _aSCROGGS, Claud L | ||
| 942 | _cBK | ||
| 999 |
_c23097 _d23097 |
||